[Event "POL-ch blitz"]
[Site "Chorzow"]
[Date "2019.04.12"]
[Round "3"]
[White "Wojtaszek, Radoslaw"]
[Black "Markiewicz, Jacek"]
[Result "1-0"]
[WhiteElo "2724"]
[BlackElo "2315"]
[PlyCount "61"]
[EventDate "2019.04.12"]
[EventType "swiss (blitz)"]
[EventRounds "15"]
[EventCountry "POL"]
[SourceTitle "CBM 189 Extra"]
[Source "ChessBase"]
[SourceDate "2019.06.03"]
[SourceVersion "1"]
[SourceVersionDate "2019.06.03"]
[SourceQuality "1"]

1. e4 c5 2. Nf3 Nc6 3. Bb5 g6 4. 0-0 Bg7 5. c3 d6 6. d4 cxd4 7. cxd4 Bd7 8. Nc3 a6 9. Ba4 Nh6 10. d5 Ne5 11. Nxe5 dxe5 12. Bxd7+ Qxd7 13. Na4 Qb5 14. Bg5 f6 15. Be3 0-0 16. Nb6 Rad8 17. a4 Qe8 18. Qb3 Kh8 19. Rac1 Ng4 20. Rc7 f5 21. Bc5 Bf6 22. f3 Nh6 23. Rxb7 fxe4 24. fxe4 Nf7 25. Qh3 Nd6 26. Bxd6 Rxd6 27. Nd7 Qc8 28. Nxf8 Qxf8 29. Rc7 Rd8 30. Qe6 Qg7 31. Rc8 1-0

[Event "POL-chT 2nd League"]
[Site "Miedzyzdroje"]
[Date "2009.09.15"]
[Round "4"]
[White "Zaskalski, Arkadiusz"]
[Black "Markiewicz, Jacek"]
[Result "1/2-1/2"]
[WhiteElo "2210"]
[BlackElo "2322"]
[PlyCount "24"]
[EventDate "2009.09.12"]
[EventType "team-swiss"]
[EventRounds "9"]
[EventCountry "POL"]
[SourceTitle "EXT 2019"]
[Source "ChessBase"]
[SourceDate "2018.10.10"]
[SourceVersion "1"]
[SourceVersionDate "2018.10.10"]
[SourceQuality "1"]
[WhiteTeam "Krakow KKSz 1893"]
[BlackTeam "Chrzanow UKS SP 8 U19"]
[WhiteTeamCountry "POL"]
[BlackTeamCountry "POL"]

1. c4 Nf6 2. Nf3 g6 3. g3 Bg7 4. Bg2 d6 5. d4 0-0 6. Nc3 Nc6 7. 0-0 a6 8. d5 Na5 9. b3 b5 10. cxb5 axb5 11. b4 Nc4 12. Nd4 Bd7 1/2-1/2

[Event "Perla Baltyku op-A 3rd"]
[Site "Mielno"]
[Date "2007.06.24"]
[Round "8"]
[White "Tofil, Borys"]
[Black "Markiewicz, Jacek"]
[Result "1/2-1/2"]
[WhiteElo "2138"]
[BlackElo "2307"]
[PlyCount "95"]
[EventDate "2007.06.18"]
[EventType "swiss"]
[EventRounds "9"]
[EventCountry "POL"]
[SourceTitle "CBM 119 Extra"]
[Source "ChessBase"]
[SourceDate "2007.09.04"]
[SourceVersion "1"]
[SourceVersionDate "2007.09.04"]
[SourceQuality "1"]

1. e4 c5 2. Nf3 d6 3. Bb5+ Bd7 4. Bxd7+ Nxd7 5. 0-0 Ngf6 6. Re1 e6 7. c4 Be7 8. Nc3 0-0 9. d4 cxd4 10. Qxd4 Qc7 11. Bg5 Ne5 12. b3 a6 13. Rad1 Rfd8 14. Nxe5 dxe5 15. Qe3 h6 16. Bxf6 Bxf6 17. g3 Bg5 18. Qf3 Qa5 19. Re2 Rxd1+ 20. Nxd1 Rd8 21. Ne3 Qc3 22. Kg2 Rd3 23. h4 Be7 24. Rc2 Qd4 25. Rc1 Qb2 26. Rd1 Rd4 27. Ng4 f6 28. Rxd4 Qxd4 29. Qe2 Bc5 30. Nh2 Kf8 31. Nf3 Qc3 32. Qd2 Bd4 33. Qxc3 Bxc3 34. Kf1 h5 35. Ke2 Bd4 36. Ne1 Ke7 37. Nd3 g5 38. hxg5 fxg5 39. Kf3 Kd6 40. b4 Bc3 41. a3 b5 42. cxb5 axb5 43. Kg2 Bd4 44. Kf3 Ke7 45. Kg2 Kf6 46. f3 Kf7 47. g4 h4 48. Kh3 1/2-1/2

[Event "Perla Baltyku op-A 3rd"]
[Site "Mielno"]
[Date "2007.06.19"]
[Round "2"]
[White "Sharapov, Evgeny"]
[Black "Markiewicz, Jacek"]
[Result "1-0"]
[WhiteElo "2428"]
[BlackElo "2307"]
[PlyCount "147"]
[EventDate "2007.06.18"]
[EventType "swiss"]
[EventRounds "9"]
[EventCountry "POL"]
[SourceTitle "CBM 119 Extra"]
[Source "ChessBase"]
[SourceDate "2007.09.04"]
[SourceVersion "1"]
[SourceVersionDate "2007.09.04"]
[SourceQuality "1"]

1. e4 e5 2. Nf3 Nc6 3. d4 exd4 4. Nxd4 Bc5 5. Nxc6 Qf6 6. Qd2 bxc6 7. Bd3 d6 8. 0-0 Ne7 9. c3 0-0 10. b4 Bb6 11. Kh1 a5 12. Bb2 axb4 13. cxb4 Bd4 14. Nc3 c5 15. b5 Be6 16. f4 Rfb8 17. a4 c6 18. Rae1 cxb5 19. Bxb5 Qh6 20. Qc2 Rd8 21. Nd1 Bxb2 22. Nxb2 Bd7 23. e5 Nc6 24. exd6 Qxd6 25. Nc4 Qc7 26. Qf2 Nb4 27. Rd1 Bf5 28. Ne5 Be6 29. Rc1 Rac8 30. h3 f6 31. Ng4 Nd3 32. Qe3 Bf5 33. Rc3 Nb4 34. Rfc1 Nd5 35. Rxc5 Qd6 36. Qd4 Bxg4 37. hxg4 Rxc5 38. Rxc5 Nxf4 39. Qxd6 Rxd6 40. a5 Rd1+ 41. Kh2 Ra1 42. a6 Ng6 43. Rc7 Ne5 44. a7 Ra3 45. Rc8+ Kf7 46. a8Q Nxg4+ 47. Kg1 Rxa8 48. Rxa8 Ne5 49. Be2 Kg6 50. Kf2 h5 51. Rh8 Kf5 52. Rxh5+ g5 53. Rh1 Ke6 54. g4 Ng6 55. Bd3 Nf4 56. Bf5+ Ke5 57. Kf3 Kd4 58. Ra1 Ke5 59. Ra4 Nd5 60. Ra5 Kd6 61. Rxd5+ Kxd5 62. Ke3 Ke5 63. Kd3 Kd5 64. Kc3 Kc5 65. Be4 Kd6 66. Kd4 Ke6 67. Bf5+ Kd6 68. Ke4 Ke7 69. Kd5 Kf7 70. Kd6 Kf8 71. Ke6 Kg7 72. Be4 Kh6 73. Kf5 Kg7 74. Bd5 1-0

[Event "Krakow op 17th"]
[Site "Krakow"]
[Date "2006.12.29"]
[Round "3"]
[White "Shishkin, Vadim"]
[Black "Markiewicz, Jacek"]
[Result "1-0"]
[WhiteElo "2484"]
[BlackElo "2300"]
[PlyCount "57"]
[EventDate "2006.12.27"]
[EventType "swiss"]
[EventRounds "9"]
[EventCountry "POL"]
[SourceTitle "CBM 116 Extra"]
[Source "ChessBase"]
[SourceDate "2007.03.07"]
[SourceVersion "1"]
[SourceVersionDate "2007.03.07"]
[SourceQuality "1"]

1. d4 d5 2. c4 e6 3. Nf3 Nf6 4. Nc3 Be7 5. Bf4 0-0 6. e3 b6 7. cxd5 exd5 8. Bd3 Bb7 9. Ne5 Nbd7 10. Qf3 Nxe5 11. dxe5 Ne4 12. Nxe4 dxe4 13. Bxe4 Bb4+ 14. Kf1 Bxe4 15. Qxe4 Qd2 16. g4 Rad8 17. Kg2 Qe2 18. Qxb4 Qxg4+ 19. Kf1 Rd1+ 20. Rxd1 Qxd1+ 21. Qe1 Qf3 22. Rg1 Rd8 23. Rg3 Qh1+ 24. Ke2 Qe4 25. Qc1 Rd4 26. f3 Qd3+ 27. Ke1 Rd5 28. Rg2 Rc5 29. Qd1 1-0

[Event "POL-chT 2nd League"]
[Site "Lublin"]
[Date "2006.09.10"]
[Round "9.20"]
[White "Barglowski, Filip"]
[Black "Markiewicz, Jacek"]
[Result "1/2-1/2"]
[WhiteElo "2337"]
[BlackElo "2308"]
[PlyCount "55"]
[EventDate "2006.09.02"]
[EventType "team-swiss"]
[EventRounds "9"]
[EventCountry "POL"]
[SourceTitle "EXT 2019"]
[Source "ChessBase"]
[SourceDate "2018.10.10"]
[SourceVersion "1"]
[SourceVersionDate "2018.10.10"]
[SourceQuality "1"]
[WhiteTeam "Legnica Miedz"]
[BlackTeam "Szopienice HetMaN II"]
[WhiteTeamCountry "POL"]
[BlackTeamCountry "POL"]

1. e4 c5 2. Nf3 d6 3. Bb5+ Nc6 4. 0-0 Bd7 5. Re1 Nf6 6. h3 Qb6 7. Nc3 e6 8. Bxc6 Bxc6 9. d4 cxd4 10. Nxd4 Be7 11. Be3 Qc7 12. Ndb5 Qd7 13. Nxa7 Bxe4 14. Nxe4 Nxe4 15. c4 0-0 16. Qd3 Nf6 17. Red1 Rfd8 18. Bb6 Re8 19. a4 d5 20. c5 e5 21. b4 d4 22. f4 exf4 23. Qxd4 Qf5 24. Qd3 Ne4 25. Nb5 Bh4 26. Ra2 h6 27. Re2 Qf6 28. Bc7 1/2-1/2

[Event "POL-chT 2nd League"]
[Site "Lublin"]
[Date "2006.09.07"]
[Round "6.2"]
[White "Kukula, Pawel"]
[Black "Markiewicz, Jacek"]
[Result "1/2-1/2"]
[WhiteElo "2164"]
[BlackElo "2308"]
[PlyCount "37"]
[EventDate "2006.09.02"]
[EventType "team-swiss"]
[EventRounds "9"]
[EventCountry "POL"]
[SourceTitle "EXT 2019"]
[Source "ChessBase"]
[SourceDate "2018.10.10"]
[SourceVersion "1"]
[SourceVersionDate "2018.10.10"]
[SourceQuality "1"]
[WhiteTeam "Grudziadz Rotmistrz MAT Premium"]
[BlackTeam "Szopienice HetMaN II"]
[WhiteTeamCountry "POL"]
[BlackTeamCountry "POL"]

1. d4 f5 2. Nf3 Nf6 3. Bg5 Ne4 4. h4 d6 5. Nbd2 c6 6. Nxe4 fxe4 7. Nd2 d5 8. e3 Nd7 9. c4 Qa5 10. a3 Nf6 11. b4 Qd8 12. cxd5 cxd5 13. Bxf6 exf6 14. Bb5+ Kf7 15. f3 Qd6 16. 0-0 Qg3 17. Qe1 Qxe1 18. Raxe1 exf3 19. Nxf3 1/2-1/2

[Event "Pardubice op-B1"]
[Site "Pardubice"]
[Date "2006.07.28"]
[Round "8"]
[White "Markiewicz, Jacek"]
[Black "Ilandzis, Spyridon"]
[Result "1-0"]
[WhiteElo "2308"]
[BlackElo "2174"]
[PlyCount "59"]
[EventDate "2006.07.21"]
[EventType "swiss"]
[EventRounds "9"]
[EventCountry "CZE"]
[SourceTitle "CBM 113 Extra"]
[Source "ChessBase"]
[SourceDate "2006.09.14"]
[SourceVersion "1"]
[SourceVersionDate "2006.09.14"]
[SourceQuality "1"]

1. e4 c5 2. Nc3 e6 3. Nf3 a6 4. d4 cxd4 5. Nxd4 Qc7 6. Bd3 Nf6 7. 0-0 d6 8. Be3 Be7 9. f4 Nbd7 10. Qf3 b6 11. Rae1 Bb7 12. Bf2 Rc8 13. Qh3 h5 14. Kh1 g6 15. Bh4 Nc5 16. f5 gxf5 17. Nxf5 exf5 18. Qxf5 Rh6 19. Nd5 Bxd5 20. exd5 Nxd3 21. Rxe7+ Kxe7 22. Bxf6+ Kf8 23. cxd3 Re8 24. Bg5 Rh8 25. Bf4 Rd8 26. Qf6 Rh7 27. Bh6+ Rxh6 28. Qxh6+ Ke8 29. Qh8+ Ke7 30. Rxf7+ 1-0

[Event "POL-chT 61st"]
[Site "Lubniewice"]
[Date "2005.09.08"]
[Round "6"]
[White "Krysztofiak, Marcin"]
[Black "Markiewicz, Jacek"]
[Result "1/2-1/2"]
[WhiteElo "2401"]
[BlackElo "2246"]
[PlyCount "47"]
[EventDate "2005.09.03"]
[EventType "team-tourn"]
[EventRounds "9"]
[EventCountry "POL"]
[SourceTitle "EXT 2019"]
[Source "ChessBase"]
[SourceDate "2018.10.10"]
[SourceVersion "1"]
[SourceVersionDate "2018.10.10"]
[SourceQuality "1"]
[WhiteTeam "Lublin UMCS"]
[BlackTeam "Katowice Hetman Szopienice"]
[WhiteTeamCountry "POL"]
[BlackTeamCountry "POL"]

1. d4 d5 2. c4 e6 3. Nc3 Nf6 4. cxd5 exd5 5. Bg5 c6 6. e3 Bf5 7. Qf3 Bg6 8. Bxf6 gxf6 9. Qd1 Nd7 10. Bd3 Bd6 11. Nge2 Qe7 12. Qc2 Qe6 13. Ng3 Bxg3 14. hxg3 0-0-0 15. 0-0-0 Kb8 16. Ne2 Rc8 17. Nf4 Qd6 18. Kb1 Rhe8 19. g4 c5 20. dxc5 Rxc5 21. Qb3 Nb6 22. a3 Qc6 23. Ka2 a5 24. Nxg6 1/2-1/2

[Event "POL-chT 61st"]
[Site "Lubniewice"]
[Date "2005.09.05"]
[Round "3"]
[White "Markiewicz, Jacek"]
[Black "Fraczek, Daniel"]
[Result "1/2-1/2"]
[WhiteElo "2246"]
[BlackElo "2309"]
[PlyCount "28"]
[EventDate "2005.09.03"]
[EventType "team-tourn"]
[EventRounds "9"]
[EventCountry "POL"]
[SourceTitle "EXT 2019"]
[Source "ChessBase"]
[SourceDate "2018.10.10"]
[SourceVersion "1"]
[SourceVersionDate "2018.10.10"]
[SourceQuality "1"]
[WhiteTeam "Katowice Hetman Szopienice"]
[BlackTeam "Rzeszow Zelmer"]
[WhiteTeamCountry "POL"]
[BlackTeamCountry "POL"]

1. e4 e6 2. d4 d5 3. exd5 exd5 4. Nf3 Nf6 5. Bg5 Bd6 6. Bd3 0-0 7. 0-0 Bg4 8. Nbd2 Nbd7 9. c3 c6 10. Qc2 Qc7 11. Rfe1 Rfe8 12. Bh4 Bh5 13. Bg3 Bg6 14. Nh4 Bxg3 1/2-1/2

[Event "POL-chT 1st League"]
[Site "Ustron"]
[Date "2003.09.10"]
[Round "5"]
[White "Grycel, Kamil"]
[Black "Markiewicz, Jacek"]
[Result "1/2-1/2"]
[WhiteElo "2290"]
[BlackElo "2241"]
[PlyCount "49"]
[EventDate "2003.09.06"]
[EventType "team-tourn"]
[EventRounds "9"]
[EventCountry "POL"]
[SourceTitle "EXT 2005"]
[Source "ChessBase"]
[SourceDate "2004.11.15"]
[SourceVersion "1"]
[SourceVersionDate "2004.11.15"]
[SourceQuality "1"]
[WhiteTeam "Suwalki Hancza"]
[BlackTeam "Szopienice HetMaN"]
[WhiteTeamCountry "POL"]
[BlackTeamCountry "POL"]

1. d4 d5 2. c4 e6 3. Nc3 c5 4. cxd5 cxd4 5. Qxd4 Nc6 6. Qd1 exd5 7. e3 Nf6 8. Nf3 Bc5 9. a3 0-0 10. Be2 a6 11. b4 d4 12. exd4 Bxd4 13. Nxd4 Nxd4 14. 0-0 Bf5 15. Bg5 Nxe2+ 16. Nxe2 Qxd1 17. Rfxd1 Ne4 18. Be3 Rfd8 19. f3 Nf6 20. Bb6 Rxd1+ 21. Rxd1 Rc8 22. Nd4 Bd7 23. Bc5 h6 24. Kf2 Nd5 25. Nf5 1/2-1/2

[Event "POL-chT 58th 2nd League"]
[Site "Wisla"]
[Date "2002.??.??"]
[Round "?"]
[White "Markiewicz, Jacek"]
[Black "Palacz, Krzysztof"]
[Result "1-0"]
[WhiteElo "2246"]
[BlackElo "2094"]
[PlyCount "40"]
[EventDate "2002.08.30"]
[EventType "team-swiss"]
[EventRounds "11"]
[EventCountry "POL"]
[SourceTitle "EXT 2019"]
[Source "ChessBase"]
[SourceDate "2018.10.10"]
[SourceVersion "1"]
[SourceVersionDate "2018.10.10"]
[SourceQuality "1"]
[BlackTeam "Swiebodzin Fianchetto"]
[BlackTeamCountry "POL"]

1. e4 c5 2. Nc3 Nc6 3. f4 g6 4. Nf3 Bg7 5. Bc4 e6 6. 0-0 Nge7 7. d3 d5 8. Bb3 0-0 9. a4 Nb4 10. Qe2 Bd7 11. Nd1 a6 12. c3 Nbc6 13. Qf2 Qb6 14. Bc2 d4 15. Qh4 Rfe8 16. Kh1 f6 17. Nf2 f5 18. g4 Na5 19. gxf5 exf5 20. b4 cxb4 1-0

[Event "POL-chT 58th 2nd League"]
[Site "Wisla"]
[Date "2002.??.??"]
[Round "?"]
[White "Markiewicz, Jacek"]
[Black "Skalski, Michal"]
[Result "1/2-1/2"]
[WhiteElo "2246"]
[BlackElo "2137"]
[PlyCount "36"]
[EventDate "2002.08.30"]
[EventType "team-swiss"]
[EventRounds "11"]
[EventCountry "POL"]
[SourceTitle "EXT 2019"]
[Source "ChessBase"]
[SourceDate "2018.10.10"]
[SourceVersion "1"]
[SourceVersionDate "2018.10.10"]
[SourceQuality "1"]

1. e4 c5 2. Nf3 d6 3. d4 cxd4 4. Nxd4 Nf6 5. Nc3 g6 6. Be3 Bg7 7. f3 Nc6 8. Qd2 0-0 9. g4 Bd7 10. 0-0-0 Qa5 11. g5 Nh5 12. Nb3 Bxc3 13. Nxa5 Bxd2+ 14. Bxd2 Nxa5 15. Bxa5 Be6 16. Bd2 Rac8 17. c3 d5 18. Kb1 f5 1/2-1/2

[Event "POL-chT2 South"]
[Site "Ustron"]
[Date "2001.09.??"]
[Round "?"]
[White "Dobrowolski, Piotr"]
[Black "Markiewicz, Jacek"]
[Result "1/2-1/2"]
[WhiteElo "2363"]
[BlackElo "2245"]
[PlyCount "36"]
[EventDate "2001.09.14"]
[EventType "team-swiss"]
[EventRounds "10"]
[EventCountry "POL"]
[SourceTitle "EXT 2019"]
[Source "ChessBase"]
[SourceDate "2018.10.10"]
[SourceVersion "1"]
[SourceVersionDate "2018.10.10"]
[SourceQuality "1"]

1. d4 Nf6 2. Nc3 d5 3. Bg5 Nbd7 4. Qd3 e6 5. e4 dxe4 6. Nxe4 Be7 7. Bxf6 Nxf6 8. Nxf6+ Bxf6 9. 0-0-0 Qd5 10. Kb1 Bd7 11. Nf3 0-0 12. h4 Bc6 13. Be2 Rad8 14. Ng5 Qf5 15. Qe3 h6 16. Bd3 Bxg5 17. Qxg5 Qxg5 18. hxg5 hxg5 1/2-1/2